000 00946nam a2200265Ia 4500
003 OSt
005 20221005111752.0
006 a|||||r|||| 00| 0
007 ta
008 221004b |||||||| |||| 00| 0 hin d
020 _a8187524456 (pbk)
024 _a19928
037 _bGift, 29/06/2015,
_cTextual
040 _aCRL
_cCRL
_bhin
041 _2hin
_ahin
082 _aO157,3NBAx, 152P4
100 _aबैनर्जी, उत्पल
245 0 _aसमकालीन बांग्ला प्रेम - कहानियां
246 _aSamakālīn bāanglā prem - kahāniyāan
260 _aमुबंई
_bसंवाद प्रकाशन भारत
_c2004
300 _a191पृ0
_ccm.
650 _aबंगाली साहित्य
942 _hO157,3NBAx, 152P4
_cTEXL
_2cc
999 _c1022831
_d1022831